| 000 -ლიდერი |
| ფიქსირებული სიგრძის საკონტროლო ველი |
00861nam a22001817a 4500 |
| 003 - საკონტროლო ნომრის იდენტიფიკატორი |
| საკონტროლო ველი |
Ge_BSU |
| 005 - ბოლო ოპერაციის თარიღი და დრო |
| საკონტროლო ველი |
20221202105138.0 |
| 008 - ფიქსირებული სიგრძის მონაცემთა ელემენტები - ზოგადი ინფორმაცია |
| ფიქსირებული სიგრძის საკონტროლო ველი |
221202s1982ge xxu||||| |||| 00| 0 geo d |
| 041 ## - ენის კოდი |
| Language code of text/sound track or separate title |
geo |
| 080 ## - უნივერსალური ათობითი კლასიფიკაციის ინდექსი |
| Universal Decimal Classification number |
1(479.22)(092გოგიბერიძე, მ) უ-58 |
| 100 ## - მთავარი ჩანაწერი - პიროვნების სახელი |
| Personal name |
ურიდია, ბორის, ავტ |
| 9 (RLIN) |
16302 |
| 245 ## - ცნობა სათაურის შესახებ |
| Title |
მოსე გოგიბერიძე : |
| Remainder of title |
ფილოსოფიური მემკვიდრეობა / |
| Statement of responsibility, etc |
ბორის ურიდია, რედ. გ.შუშანავილი |
| 264 ## - წარმოების, გამოცემის, დისტრიბუციის და სხვა ცნობები |
| გამოცემის, წარმოების, დისტრიბუციის... ადგილი |
თბილისი : |
| გამოცემის, წარმოების, დისტრიბუციის... სახელწოდება |
მეცნიერება, |
| გამოცემის, წარმოების, დისტრიბუციის... თარიღი |
1982. |
| 300 ## - ფიზიკური აღწერა |
| Extent |
195გვ. ; |
| Other physical details |
21სმ. |
| 653 ## - INDEX TERM--UNCONTROLLED |
| Uncontrolled term |
ფილოსოფიური მემკვიდრეობა |
| 700 ## - ADDED ENTRY--PERSONAL NAME |
| Personal name |
შუშანაშვილი,გ |
| Relator term |
რედაქტორი |
| 9 (RLIN) |
16303 |
| 942 ## - ADDED ENTRY ELEMENTS (KOHA) |
| Source of classification or shelving scheme |
|
| Koha item type |
წიგნი |